000 00337nam a2200133Ia 4500
008 151001s9999||||xx |||||||||||||| ||und||
100 _aय दि पेंढारकर
245 _aभगवी गीता
250 _a1
260 _bनवभारत प्रकाशन
260 _c1943
300 _a36
365 _b7
999 _c950128
_d950125